| 000 | 00740cam a22002295a 4500 | ||
|---|---|---|---|
| 001 | 1452628 | ||
| 005 | 20180424140858.0 | ||
| 008 | 850924s1985 enka frb 001 0 eng d | ||
| 020 | _a0948096012 | ||
| 040 |
_aDLC _cDLC _dDLC _dEG-ScBUE _beng |
||
| 043 | _ae-uk--- | ||
| 082 | 0 | 4 |
_a307.336 _222 _bUTO |
| 245 | 0 | 0 |
_aUtopia on trial : _bvision and reality in planned housing / _cAlice Coleman ... [et al.] |
| 260 |
_aLondon : _bHilary Shipman, _c1985. |
||
| 300 |
_aviii, 219 p. : _bill. ; _c23 cm. |
||
| 504 | _aIncludes bibliographical references and index. | ||
| 650 | 7 |
_aHousing _zGreat Britain. _2BUEsh |
|
| 650 | 7 |
_aHousing policy _zGreat Britain. _2BUEsh _935130 |
|
| 653 |
_bGGEN _cApril2018 |
||
| 700 | 1 | _aColeman, Alice. | |
| 942 | _2ddc | ||
| 999 |
_c26588 _d26560 |
||